Détails MARC
| 000 -LEADER |
| fixed length control field |
03345cam a2200469 i 4500 |
| 001 - CONTROL NUMBER |
| control field |
C005802 |
| 003 - CONTROL NUMBER IDENTIFIER |
| control field |
OSt |
| 005 - DATE AND TIME OF LATEST TRANSACTION |
| control field |
20250903020008.0 |
| 007 - PHYSICAL DESCRIPTION FIXED FIELD--GENERAL INFORMATION |
| fixed length control field |
ta |
| 008 - FIXED-LENGTH DATA ELEMENTS--GENERAL INFORMATION |
| fixed length control field |
200323s2020 quc|||| 000|f fre |
| 009 - PHYSICAL DESCRIPTION FIXED-FIELD FOR ARCHIVAL COLLECTION (VM) [OBSOLETE] |
| fixed length control field |
4 |
| 020 ## - INTERNATIONAL STANDARD BOOK NUMBER |
| International Standard Book Number |
9782896577439 |
| Qualifying information |
(broché) |
| 024 3# - OTHER STANDARD IDENTIFIER |
| Standard number or code |
9782896577439 |
| 035 ## - SYSTEM CONTROL NUMBER |
| System control number |
(SDM)C005802 |
| 040 ## - CATALOGING SOURCE |
| Original cataloging agency |
SDM |
| Language of cataloging |
fre |
| Description conventions |
rda |
| Modifying agency |
SQTD |
| Transcribing agency |
CDM |
| 082 ## - DEWEY DECIMAL CLASSIFICATION NUMBER |
| Classification number |
ISA |
| Edition number |
23 |
| 100 1# - MAIN ENTRY--PERSONAL NAME |
| Personal name |
Isabelle, Patrick, |
| Dates associated with a name |
1980- |
| Relator term |
auteur. |
| 9 (RLIN) |
58772ad |
| Field link and sequence number |
752363ad |
| 245 10 - TITLE STATEMENT |
| Title |
Outre-tombe / |
| Statement of responsibility, etc |
Patrick Isabelle. |
| 300 ## - PHYSICAL DESCRIPTION |
| Extent |
396 pages : |
| Other physical details |
illustrations, carte ; |
| Dimensions |
22 cm. |
| 490 1# - SERIES STATEMENT |
| Series statement |
Anna Caritas ; |
| Volume number/sequential designation |
[3] |
| 520 8# - SUMMARY, ETC. |
| Summary, etc |
William habite à Saint-Hector, un village connu pour le prestigieux collège Anna Caritas, qui fait la fierté des villageois. Après s'être laissé convaincre de participer à une séance de spiritisme, impliquant une planche Ouija, afin d'en savoir plus sur le retour de Marianne Roberts, un démon a rapidement pris possession de Sabrina. En vérité, le savoir occulte de Marianne fut le seul moyen de mettre un terme au malheur de la jeune fille. Dans ce troisième tome, suite à une messe noire horrifiante où il a failli être sacrifié au diable, William est interné pendant deux semaines à l'institut Ferney, un centre de détention psychiatrique. Lorsque Christian Boivin, son avocat, vient le chercher, l'hiver s'est déjà bien installé sur Saint-Hector et si l'adolescent est soulagé de ne plus devoir fréquenter Anna Caritas, la menace des Damnés semble malheureusement le suivre jusqu'à sa nouvelle polyvalente. De plus, en se liant à la belle et mystérieuse Ji-Soo ainsi qu'aux amis de cette dernière, il se retrouvera de nouveau au milieu de jeux occultes bien dangereux. [SDM] |
| 520 1# - SUMMARY, ETC. |
| Summary, etc |
La série repose sur un canevas fécond et elle continue de se développer avec style et intelligence. Le lecteur est placé du point de vue d'un adolescent auquel il est facile de s'identifier, car le garçon est à la fois: curieux, capable et astucieux. Le roman ne nous plonge pas dans des évènements sordides, bien que certaines scènes puissent impressionner les plus sensibles. L'aspect occulte et le suspense lié à la sorcellerie et au diable tendent à l'emporter sur l'horreur. [SDM] |
| 521 ## - TARGET AUDIENCE NOTE |
| Target audience note |
J 5. |
| 590 ## - LOCAL NOTE (RLIN) |
| Local note |
J |
| 650 #6 - SUBJECT ADDED ENTRY--TOPICAL TERM |
| Topical term or geographic name as entry element |
Démon |
| Form subdivision |
Romans, nouvelles, etc. pour la jeunesse. |
| 650 #6 - SUBJECT ADDED ENTRY--TOPICAL TERM |
| Topical term or geographic name as entry element |
Amitié |
| Form subdivision |
Romans, nouvelles, etc. pour la jeunesse. |
| 650 #6 - SUBJECT ADDED ENTRY--TOPICAL TERM |
| Topical term or geographic name as entry element |
Collèges privés |
| Form subdivision |
Romans, nouvelles, etc. pour la jeunesse. |
| 650 #6 - SUBJECT ADDED ENTRY--TOPICAL TERM |
| Topical term or geographic name as entry element |
Élèves |
| General subdivision |
Expulsion |
| Form subdivision |
Romans, nouvelles, etc. pour la jeunesse. |
| 650 #6 - SUBJECT ADDED ENTRY--TOPICAL TERM |
| Topical term or geographic name as entry element |
Écoles secondaires |
| Form subdivision |
Romans, nouvelles, etc. pour la jeunesse. |
| 650 #6 - SUBJECT ADDED ENTRY--TOPICAL TERM |
| Topical term or geographic name as entry element |
Villages |
| Form subdivision |
Romans, nouvelles, etc. pour la jeunesse. |
| 650 #7 - SUBJECT ADDED ENTRY--TOPICAL TERM |
| Topical term or geographic name as entry element |
Occultisme |
| Form subdivision |
Romans |
| Source of heading or term |
vmj |
| 9 (RLIN) |
434308a,434221v |
| Field link and sequence number |
434308a,434221v |
| 650 #7 - SUBJECT ADDED ENTRY--TOPICAL TERM |
| Topical term or geographic name as entry element |
Démons |
| Form subdivision |
Romans |
| Source of heading or term |
vmj |
| 9 (RLIN) |
435610a,434221v |
| Field link and sequence number |
435610a,434221v |
| 650 #7 - SUBJECT ADDED ENTRY--TOPICAL TERM |
| Topical term or geographic name as entry element |
Amitié |
| Form subdivision |
Romans |
| Source of heading or term |
vmj |
| 9 (RLIN) |
435477a,434221v |
| Field link and sequence number |
435477a,434221v |
| 650 #7 - SUBJECT ADDED ENTRY--TOPICAL TERM |
| Topical term or geographic name as entry element |
Écoles secondaires |
| Form subdivision |
Romans |
| Source of heading or term |
vmj |
| 9 (RLIN) |
435438a,434221v |
| Field link and sequence number |
435438a,434221v |
| 650 #7 - SUBJECT ADDED ENTRY--TOPICAL TERM |
| Topical term or geographic name as entry element |
Villages |
| Form subdivision |
Romans |
| Source of heading or term |
vmj |
| 9 (RLIN) |
435480a,434221v |
| Field link and sequence number |
435480a,434221v |
| 655 #7 - INDEX TERM--GENRE/FORM |
| Genre/form data or focus term |
Romans d'horreur. |
| Source of term |
rvmgf |
| 655 #7 - INDEX TERM--GENRE/FORM |
| Genre/form data or focus term |
Romans occultes. |
| Source of term |
rvmgf |
| 655 #7 - INDEX TERM--GENRE/FORM |
| Genre/form data or focus term |
Romans d'horreur |
| Source of term |
vmj |
| 9 (RLIN) |
459863a |
| Field link and sequence number |
459863a |
| 800 1# - SERIES ADDED ENTRY--PERSONAL NAME |
| Personal name |
Isabelle, Patrick, |
| Dates associated with a name |
1980- |
| Title of a work |
Anna Caritas ; |
| Volume/sequential designation |
3. |
| 9 (RLIN) |
1186321adt |
| 908 ## - PUT COMMAND PARAMETER (RLIN) |
| Put command parameter |
SDM |
| 942 ## - ADDED ENTRY ELEMENTS (KOHA) |
| Source of classification or shelving scheme |
Dewey Decimal Classification |
| Koha item type |
Livre |
| Koha issues (borrowed), all copies |
7 |